Guess the Fall Out Boy Song (no hint) - Statistics

General Stats
  • This quiz has been taken 186 times
  • The average score is 103 of 245
Answer Stats
Answer % Correct
I
96%
a
93%
you
88%
the
86%
do
75%
me
73%
and
70%
And
70%
to
70%
When
68%
so
67%
So
67%
no
64%
my
62%
your
61%
don't
59%
I'm
59%
in
59%
can
54%
is
54%
for
51%
not
51%
one
51%
that
50%
only
49%
say
49%
This
49%
this
49%
We're
49%
we're
49%
You're
45%
are
43%
like
43%
but
42%
But
42%
us
41%
want
41%
have
40%
just
38%
got
35%
how
35%
with
35%
get
34%
make
34%
put
34%
all
30%
down
30%
every
30%
gonna
30%
I'd
28%
said
28%
think
28%
hands
27%
or
26%
their
26%
air
25%
I've
25%
sound
25%
baby
24%
give
24%
myself
24%
word
24%
beat
22%
head
22%
there's
22%
more
21%
shoot
21%
who's
21%
ain't
20%
Cause
20%
nothing
20%
Now
20%
speak
20%
wrong
20%
idea
19%
listen
19%
away
17%
blues
17%
change
17%
fast
17%
repeat
17%
today
17%
emotions
16%
throat
16%
goes
15%
"His
15%
making
15%
meant
15%
red
15%
anyone
14%
appealing
14%
carefully
14%
else
14%
excuses
14%
eyes
14%
pocket
14%
Blackmail
13%
simply
13%
again
12%
carpet
12%
everyone
12%
inspiration
12%
return
12%
stick-up
12%
worse"
12%
around
11%
better
11%
wallet
11%
hers
10%
ones
10%
relapse
10%
ring
10%
barrel
8%
buried
8%
shakes
7%
No matching quizzes found
Score Distribution
Percent of People with Each Score
Percentile by Number Answered
Your Score History
You have not taken this quiz